00740nam a2200181 i 4500001000700000003000900007005001700016008004100033111005900074245010700133260005700240300002100297650004100318650004300359655004000402710003900442852007700481185264ES-MaACL20230906222401.0160429s1858 sp c |||| | spa d2 aExposicion Nacional de Bellas Artes (d1858. cMadrid)10aCatálogo de la Exposición General de Bellas Artes de 1858, verificada en el Ministerio de Fomento. a[S.l. : bs.n.], c1858 (eMadrid : fImp. Nacional) a37 p. ; c22 cm. 4aArte europeo-yS.XIX-vExposiciones. 4aArte español-yS.XIX-vExposiciones. 72tgfbneaCatálogos de exposiciones1 aEspaña. bMinisterio de Fomento. aES-MaACLjT-207-F-4 z- Enc. en un vol. facticio, falto de cub. original